000 00931nam a22002537a 4500
001 BR8702491
003 BR-BrBNA
005 20230928092507.0
007 ta
008 230509b bl.||||| |||| 00| 0 por d
040 _aBR-BrBNA
_bpor
_cBiblioteca Nacional de Agricultura
041 _a(Por)
072 _aE14
_b/G514
090 _ E14 BR8702491
110 1 _aComissao de Desenvolvimento do Vale do Jequitinhonha, Belo Horizonte, MG (Brasil)
_91974
245 1 _aEstudo relativo a area 2 do Programa de Desenvolvimento Rural (encaminhado ao Ministerio do Interior); Botumirim, Cristolia, Grao-Mogol, Itacambira, Riacho dos Machados [Minas Gerais]
260 3 _aBelo Horizonte, MG (Brasil):
_c1976.
300 _avp.
500 _a(*) Documento disponível no(a) CODEVALE, Belo Horizonte, MG (Brazil)
650 _aDESENVOLVIMENTO RURAL
650 _aMINAS GERAIS
909 _a202309
_bLucia
_c55
_dLucia Elande
942 _cBK
999 _c39406
_d39406